Vlastenectví a užívaní půdy a pozemková správa

Gespeichert in:
Bibliographische Detailangaben
1. Verfasser: Fábry, Valér
Weitere Verfasser: Drobník, Jaroslav
Format: Buch
Sprache:Tschechisch
Veröffentlicht: Praha Academia 1983
Tags: Tag hinzufügen
Keine Tags, Fügen Sie das erste Tag hinzu!

MARC

LEADER 00000nam a2200000 4500
001 c115964
005 20041019155203.0
041 0 |a cze 
044 |a CZ 
245 1 0 |a Vlastenectví a užívaní půdy a pozemková správa  |c Valér Fábry, Jaroslav Drobník 
264 1 |a Praha  |b Academia  |c 1983 
300 |a 470 s. 
100 1 |a Fábry, Valér 
700 1 |a Drobník, Jaroslav